[Event "Belgrade-chT"]
[Site "Belgrade"]
[Date "2019.09.23"]
[Round "1.6"]
[White "Grbic, Milorad"]
[Black "Vlahovic, Svetozar"]
[Result "1-0"]
[WhiteElo "2256"]
[BlackElo "2140"]
[PlyCount "59"]
[EventDate "2019.09.23"]
[EventType "team-tourn"]
[EventRounds "11"]
[EventCountry "SRB"]
[SourceTitle "EXT 2020"]
[Source "ChessBase"]
[SourceDate "2019.10.17"]
[SourceVersion "1"]
[SourceVersionDate "2019.10.17"]
[SourceQuality "1"]
[WhiteTeam "Grocka"]
[BlackTeam "Belgrade Radnicki"]
[WhiteTeamCountry "SRB"]
[BlackTeamCountry "SRB"]

1. e4 c5 2. c3 e5 3. Nf3 Nc6 4. Bc4 d6 5. 0-0 h6 6. d3 g5 7. Be3 g4 8. Ne1 h5 9. f3 Bh6 10. Nc2 Rh7 11. Nd2 Rg7 12. f4 exf4 13. Bxf4 Ne5 14. Bxh6 Nxh6 15. Ne3 Be6 16. Qa4+ Bd7 17. Qc2 Qg5 18. Rae1 0-0-0 19. Bd5 h4 20. Ndc4 g3 21. h3 Nxc4 22. Nxc4 Be6 23. Bxe6+ fxe6 24. Qd2 Qxd2 25. Nxd2 d5 26. Rf6 Ng8 27. Rxe6 dxe4 28. Nxe4 Rxd3 29. Nxc5 Rd2 30. Re8+ 1-0

[Event "Belgrade-chT"]
[Site "Belgrade"]
[Date "2018.05.08"]
[Round "2"]
[White "Vlahovic, Svetozar"]
[Black "Mitrovic, Stefan"]
[Result "1-0"]
[WhiteElo "2115"]
[BlackElo "1692"]
[PlyCount "49"]
[EventDate "2018.05.07"]
[EventType "team-swiss"]
[EventRounds "5"]
[EventCountry "SRB"]
[SourceTitle "CBM 184 Extra"]
[Source "ChessBase"]
[SourceDate "2018.06.28"]
[SourceVersion "1"]
[SourceVersionDate "2018.06.28"]
[SourceQuality "1"]
[WhiteTeam "Belgrade Radnicki"]
[BlackTeam "Belgrade Pogledi"]
[WhiteTeamCountry "SRB"]
[BlackTeamCountry "SRB"]

1. e4 e6 2. d4 d5 3. Nc3 Nf6 4. Bg5 Be7 5. e5 Nfd7 6. h4 c5 7. Nb5 0-0 8. Bxe7 Qxe7 9. Nc7 Nb6 10. Nxa8 Nxa8 11. Nf3 Nc6 12. c3 Nc7 13. dxc5 Qxc5 14. Bd3 Rd8 15. Bxh7+ Kxh7 16. Ng5+ Kg8 17. Qh5 Nxe5 18. 0-0-0 Ng6 19. Qh7+ Kf8 20. h5 Ne7 21. h6 Ne8 22. Qh8+ Ng8 23. Nh7+ Ke7 24. Qxg8 Nf6 25. Nxf6 1-0

[Event "Belgrade-chT Premier"]
[Site "Belgrade"]
[Date "2017.09.23"]
[Round "5.4"]
[White "Vlahovic, Svetozar"]
[Black "Vujasinovic, Mihajlo"]
[Result "1/2-1/2"]
[WhiteElo "2133"]
[BlackElo "2090"]
[PlyCount "24"]
[EventDate "2017.09.18"]
[EventType "team"]
[EventRounds "9"]
[EventCountry "SRB"]
[SourceTitle "CBM 180 Extra"]
[Source "ChessBase"]
[SourceDate "2017.10.06"]
[SourceVersion "1"]
[SourceVersionDate "2017.10.06"]
[SourceQuality "1"]
[WhiteTeam "Belgrade Radnicki"]
[BlackTeam "Belgrade"]
[WhiteTeamCountry "SRB"]
[BlackTeamCountry "SRB"]

1. e4 c5 2. Nf3 d6 3. d3 Nf6 4. Nc3 g6 5. Be2 Bg7 6. 0-0 0-0 7. Bd2 Nc6 8. a3 a6 9. h3 Rb8 10. Re1 Re8 11. Bg5 Be6 12. Qd2 Nd4 1/2-1/2

[Event "Belgrade-chT"]
[Site "Belgrade"]
[Date "2016.10.18"]
[Round "10.7"]
[White "Milin, Dragan"]
[Black "Vlahovic, Svetozar"]
[Result "0-1"]
[WhiteElo "2066"]
[BlackElo "2117"]
[PlyCount "118"]
[EventDate "2016.10.08"]
[EventType "team-tourn"]
[EventRounds "13"]
[EventCountry "SRB"]
[SourceTitle "CBM 175 Extra"]
[Source "ChessBase"]
[SourceDate "2016.12.12"]
[SourceVersion "1"]
[SourceVersionDate "2016.12.12"]
[SourceQuality "1"]
[WhiteTeam "Bogoslov"]
[BlackTeam "Belgrade Radnicki"]
[WhiteTeamCountry "SRB"]
[BlackTeamCountry "SRB"]

1. d4 e6 2. Bf4 f5 3. Nc3 d5 4. Qd3 Nf6 5. f3 Bb4 6. 0-0-0 0-0 7. Nb5 Na6 8. Nh3 c6 9. a3 Be7 10. Nc3 b5 11. Nb1 b4 12. Ng5 Nh5 13. Nh3 c5 14. dxc5 Nxc5 15. Qe3 a5 16. Be5 Bd7 17. axb4 axb4 18. g3 b3 19. c3 Ra1 20. Bd4 Qa5 21. Kd2 Ra2 22. Ke1 Rxb2 23. Kf2 Nb7 24. c4 Rxb1 25. Rxb1 dxc4 26. Bg2 h6 27. Rhc1 Nd6 28. Nf4 Bg5 29. Bc5 Nxf4 30. gxf4 Bxf4 31. Qxf4 Qxc5+ 32. Qe3 Qxe3+ 33. Kxe3 e5 34. Rd1 Rf6 35. Rd5 f4+ 36. Kd2 Bf5 37. Rb2 Re6 38. Kc3 Kf7 39. Bf1 Kf6 40. Rbd2 Ke7 41. Rd1 Bc2 42. R1d2 Nf7 43. Rc5 Rb6 44. Kb2 Rd6 45. Rxd6 Nxd6 46. Rxe5+ Kf6 47. Rc5 Bf5 48. Ra5 g6 49. Ra1 Be6 50. Re1 Nb5 51. e4 c3+ 52. Kc1 b2+ 53. Kc2 Na3+ 54. Kxc3 b1Q 55. Rxb1 Nxb1+ 56. Kc2 Na3+ 57. Kc3 Ke5 58. Bd3 Bd7 59. Kb4 Kd4 0-1

[Event "Belgrade-chT"]
[Site "Belgrade"]
[Date "2015.09.29"]
[Round "8.4"]
[White "Stojanovic, Sasa M"]
[Black "Vlahovic, Svetozar"]
[Result "1/2-1/2"]
[WhiteElo "2065"]
[BlackElo "2104"]
[PlyCount "95"]
[EventDate "2015.09.21"]
[EventType "team-tourn"]
[EventRounds "9"]
[EventCountry "SRB"]
[SourceTitle "CBM 168 Extra"]
[Source "ChessBase"]
[SourceDate "2015.10.29"]
[SourceVersion "1"]
[SourceVersionDate "2015.10.29"]
[SourceQuality "1"]
[WhiteTeam "Politika"]
[BlackTeam "Belgrade Radnicki"]
[WhiteTeamCountry "SRB"]
[BlackTeamCountry "SRB"]

1. e4 e5 2. Nf3 f5 3. d4 fxe4 4. Nxe5 Nf6 5. Be2 d6 6. Nc4 d5 7. Ne5 c6 8. 0-0 Bd6 9. c4 0-0 10. Nc3 Nbd7 11. cxd5 Nxe5 12. dxe5 Bxe5 13. dxc6 bxc6 14. Qxd8 Rxd8 15. Bg5 Bf5 16. Rac1 h6 17. Be3 Nd5 18. Na4 Rd6 19. Rc5 Bd7 20. Rfc1 Bf6 21. Rd1 Be8 22. Ra5 Rd7 23. Bc4 Bf7 24. b3 Rc7 25. Bd4 Bxd4 26. Rxd4 e3 27. fxe3 Nxe3 28. Re4 Nxc4 29. bxc4 Rd8 30. Nc5 Rd2 31. h3 Rc2 32. Ra4 h5 33. a3 Bg6 34. Re6 Kh7 35. Ne4 Bxe4 36. Rxe4 Rf7 37. Ra5 g6 38. h4 Rc1+ 39. Kh2 Rff1 40. Rxa7+ Kh6 41. Ra5 Rh1+ 42. Kg3 Rc3+ 43. Kf2 Rc2+ 44. Kg3 Rg1 45. Rc5 Rgxg2+ 46. Kf3 Rcf2+ 47. Ke3 Re2+ 48. Kf3 1/2-1/2

[Event "Belgrade-chT"]
[Site "Belgrade"]
[Date "2015.09.27"]
[Round "6.5"]
[White "Vlahovic, Svetozar"]
[Black "Ocokoljic, Zoran"]
[Result "1-0"]
[WhiteElo "2104"]
[BlackElo "2039"]
[PlyCount "47"]
[EventDate "2015.09.21"]
[EventType "team-tourn"]
[EventRounds "9"]
[EventCountry "SRB"]
[SourceTitle "CBM 168 Extra"]
[Source "ChessBase"]
[SourceDate "2015.10.29"]
[SourceVersion "1"]
[SourceVersionDate "2015.10.29"]
[SourceQuality "1"]
[WhiteTeam "Belgrade Radnicki"]
[BlackTeam "Mirijevo"]
[WhiteTeamCountry "SRB"]
[BlackTeamCountry "SRB"]

1. e4 c5 2. c3 e6 3. d4 d5 4. e5 Nc6 5. Nf3 cxd4 6. cxd4 Bb4+ 7. Nc3 Nge7 8. a3 Bxc3+ 9. bxc3 Bd7 10. Bd3 Rc8 11. 0-0 Na5 12. Bd2 Nc4 13. Bc1 Qa5 14. Rb1 b6 15. Ng5 Qxc3 16. Rb3 Qxd4 17. Nxf7 Nf5 18. Nxh8 Ba4 19. Qh5+ g6 20. Qxh7 Nxe5 21. Bxf5 gxf5 22. Bb2 Qf4 23. Bxe5 Qxe5 24. Rg3 1-0

[Event "Belgrade-chT"]
[Site "Belgrade"]
[Date "2015.09.23"]
[Round "3.2"]
[White "Vlahovic, Svetozar"]
[Black "Vrbljanac, Toma"]
[Result "1/2-1/2"]
[WhiteElo "2104"]
[BlackElo "2141"]
[PlyCount "54"]
[EventDate "2015.09.21"]
[EventType "team-tourn"]
[EventRounds "9"]
[EventCountry "SRB"]
[SourceTitle "CBM 168 Extra"]
[Source "ChessBase"]
[SourceDate "2015.10.29"]
[SourceVersion "1"]
[SourceVersionDate "2015.10.29"]
[SourceQuality "1"]
[WhiteTeam "Belgrade Radnicki"]
[BlackTeam "Bogoslov"]
[WhiteTeamCountry "SRB"]
[BlackTeamCountry "SRB"]

1. e4 c5 2. c3 d5 3. exd5 Qxd5 4. d4 Nc6 5. Nf3 Bg4 6. Be2 cxd4 7. cxd4 e6 8. Nc3 Qa5 9. 0-0 Nf6 10. h3 Bh5 11. Be3 Be7 12. a3 0-0 13. b4 Qd8 14. g4 Bg6 15. Ne5 Nd5 16. Nxd5 Qxd5 17. f4 Be4 18. Bc4 Qd8 19. Qd2 a5 20. b5 Nxe5 21. fxe5 Rc8 22. Bd3 Qd5 23. Bxe4 Qxe4 24. Rf4 Qg6 25. Rf2 Qe4 26. Rf4 Qg6 27. Rf2 Qe4 1/2-1/2

[Event "Belgrade tt Cup"]
[Site "Belgrade"]
[Date "2015.04.20"]
[Round "1.4"]
[White "Vlahovic, Svetozar"]
[Black "Zivanovic, Dragoslav"]
[Result "1-0"]
[WhiteElo "2081"]
[BlackElo "1878"]
[PlyCount "76"]
[EventDate "2015.04.20"]
[EventType "team-swiss"]
[EventRounds "5"]
[EventCountry "SRB"]
[SourceTitle "CBM 166 Extra"]
[Source "ChessBase"]
[SourceDate "2015.06.18"]
[SourceVersion "1"]
[SourceVersionDate "2015.06.18"]
[SourceQuality "1"]
[WhiteTeam "Belgrade Radnicki"]
[BlackTeam "Vreoci Turbina"]
[WhiteTeamCountry "SRB"]
[BlackTeamCountry "SRB"]

1. e4 e6 2. d4 d5 3. Nc3 Bb4 4. e5 c5 5. a3 cxd4 6. axb4 dxc3 7. bxc3 Qc7 8. Nf3 Qxc3+ 9. Bd2 Qc7 10. Bd3 Nc6 11. Qe2 Nge7 12. b5 Nd8 13. 0-0 Ng6 14. Bb4 f6 15. b6 Qxb6 16. Rfb1 Qc7 17. Bd6 Qf7 18. Ra4 Bd7 19. Rg4 Ne7 20. exf6 gxf6 21. Qe3 e5 22. Nxe5 fxe5 23. Qxe5 Rf8 24. Rf4 Qe6 25. Rxf8+ Kxf8 26. Qh8+ Kf7 27. Qxh7+ Ke8 28. Qh8+ Kf7 29. Qh5+ Kf8 30. Bb4 Qf6 31. Re1 Ndc6 32. Bd2 Be8 33. Bh6+ Kg8 34. Qg4+ Kh8 35. Bg5 Qg7 36. Qh4+ Kg8 37. Bf6 Ng6 38. Qg5 Qf7 1-0

[Event "Belgrade-chT"]
[Site "Belgrade"]
[Date "2014.05.10"]
[Round "5"]
[White "Sarenac, David"]
[Black "Vlahovic, Svetozar"]
[Result "1-0"]
[WhiteElo "2296"]
[BlackElo "2089"]
[PlyCount "53"]
[EventDate "2014.05.05"]
[EventType "swiss"]
[EventRounds "5"]
[EventCountry "SRB"]
[SourceTitle "CBM 160 Extra"]
[Source "ChessBase"]
[SourceDate "2014.07.01"]
[SourceVersion "1"]
[SourceVersionDate "2014.07.01"]
[SourceQuality "1"]

1. e4 c5 2. Nf3 e6 3. d4 cxd4 4. Nxd4 Nf6 5. Nc3 Bb4 6. e5 Nd5 7. Bd2 Nc6 8. Nxc6 dxc6 9. Ne4 f5 10. exf6 Bxd2+ 11. Qxd2 Nxf6 12. Nd6+ Kf8 13. 0-0-0 Nd5 14. Ne4 b5 15. Qf4+ Kg8 16. Qe5 Bd7 17. g3 Qa5 18. Nc5 Qxa2 19. Nxd7 Kf7 20. Bh3 Rhe8 21. Rhe1 Kg8 22. Bxe6+ Kh8 23. Qd4 Qa1+ 24. Kd2 Qa5+ 25. c3 b4 26. Ra1 bxc3+ 27. bxc3 1-0

[Event "Belgrade tt Cup"]
[Site "Belgrade"]
[Date "2012.04.18"]
[Round "1.1"]
[White "Vlahovic, Svetozar"]
[Black "Dobrijevic, Milan"]
[Result "0-1"]
[WhiteElo "2154"]
[BlackElo "2210"]
[PlyCount "77"]
[EventDate "2012.04.18"]
[EventType "team-swiss"]
[EventRounds "5"]
[EventCountry "SRB"]
[SourceTitle "CBM 148 Extra"]
[Source "ChessBase"]
[SourceDate "2012.06.22"]
[SourceVersion "1"]
[SourceVersionDate "2012.06.22"]
[SourceQuality "1"]
[WhiteTeam "Belgrade Radnicki"]
[BlackTeam "Belgrade PTT"]
[WhiteTeamCountry "SRB"]
[BlackTeamCountry "SRB"]

1. e4 c5 2. c3 d6 3. d4 cxd4 4. cxd4 g6 5. Nf3 Bg7 6. Bc4 Nf6 7. Nc3 0-0 8. 0-0 a6 9. a4 e6 10. h3 d5 11. exd5 Nxd5 12. Qb3 Nb6 13. Bg5 Qc7 14. Bd3 Nc6 15. Rfc1 Nd7 16. Ne4 Qb6 17. Nf6+ Kh8 18. Qxb6 Nxb6 19. a5 Nd7 20. Nxd7 Bxd7 21. Be3 f5 22. Rc4 Rac8 23. Bd2 Rfd8 24. Bg5 Re8 25. Bd2 h6 26. Re1 Red8 27. Bc3 g5 28. Rc5 Be8 29. Bxa6 g4 30. hxg4 fxg4 31. Nh2 Bxd4 32. Bxd4+ Rxd4 33. Bb5 Bd7 34. a6 Nd8 35. a7 Nc6 36. Bxc6 Bxc6 37. Ra1 Ra8 38. Nf1 Rb4 39. Ra2 0-1

[Event "Belgrade-chT"]
[Site "Belgrade"]
[Date "2011.10.09"]
[Round "8.1"]
[White "Vlahovic, Svetozar"]
[Black "Milicevic, Aleksa"]
[Result "0-1"]
[WhiteElo "2150"]
[BlackElo "2222"]
[PlyCount "87"]
[EventDate "2011.10.01"]
[EventType "team-tourn"]
[EventRounds "11"]
[EventCountry "SRB"]
[SourceTitle "CBM 144 Extra"]
[Source "ChessBase"]
[SourceDate "2011.10.28"]
[SourceVersion "1"]
[SourceVersionDate "2011.10.28"]
[SourceQuality "1"]
[WhiteTeam "Belgrade Radnicki"]
[BlackTeam "Post Stedionica"]
[WhiteTeamCountry "YUG"]
[BlackTeamCountry "YUG"]

1. e4 c6 2. d4 d5 3. e5 Bf5 4. c4 dxc4 5. Bxc4 e6 6. Nc3 Ne7 7. Nge2 Nd5 8. Ng3 Bg6 9. h4 h6 10. h5 Bh7 11. 0-0 Nd7 12. Nxd5 cxd5 13. Bd3 Bxd3 14. Qxd3 Qb6 15. f4 0-0-0 16. Be3 f5 17. Rac1+ Kb8 18. Rc3 Be7 19. Rb3 Qa5 20. a3 Nb6 21. Ne2 Nc4 22. Nc3 Rc8 23. Bc1 Rc6 24. Qg3 Rg8 25. Qg6 Qd8 26. g4 Na5 27. Rb4 Bxb4 28. axb4 Nb3 29. Be3 Qh4 30. Kg2 fxg4 31. Rh1 Qe7 32. f5 exf5 33. Qxf5 Rf8 34. Qxg4 Qf7 35. Qd1 g6 36. Rf1 Qxf1+ 37. Qxf1 Rxf1 38. Kxf1 gxh5 39. Nxd5 h4 40. Nf6 Kc8 41. d5 Rc2 42. e6 Nd2+ 43. Ke2 Ne4+ 44. Kd3 0-1

[Event "Belgrade-chT"]
[Site "Belgrade"]
[Date "2011.10.05"]
[Round "5.1"]
[White "Djordjevic, Dragan"]
[Black "Vlahovic, Svetozar"]
[Result "1/2-1/2"]
[WhiteElo "2205"]
[BlackElo "2150"]
[PlyCount "83"]
[EventDate "2011.10.01"]
[EventType "team-tourn"]
[EventRounds "11"]
[EventCountry "SRB"]
[SourceTitle "CBM 144 Extra"]
[Source "ChessBase"]
[SourceDate "2011.10.28"]
[SourceVersion "1"]
[SourceVersionDate "2011.10.28"]
[SourceQuality "1"]
[WhiteTeam "Mladenovac"]
[BlackTeam "Belgrade Radnicki"]
[WhiteTeamCountry "YUG"]
[BlackTeamCountry "YUG"]

1. e4 c5 2. Nf3 e6 3. d4 cxd4 4. Nxd4 Nf6 5. Nc3 Nc6 6. Be2 Bb4 7. 0-0 0-0 8. Qd3 d5 9. Nxc6 bxc6 10. e5 Nd7 11. Qg3 f5 12. Bh6 Qe7 13. a3 Bxc3 14. bxc3 Nc5 15. f3 Ba6 16. c4 Qf7 17. Bd2 Nd7 18. Rfe1 Bxc4 19. Bxc4 dxc4 20. Qf4 Nb6 21. Bb4 Rfd8 22. Bd6 Qb7 23. Rab1 Qa6 24. g4 Nd5 25. Qg5 f4 26. Kh1 c5 27. Rb2 c3 28. Rbb1 Qc6 29. Re4 Rd7 30. Qh5 Rb7 31. Rc1 Rf7 32. g5 Rf5 33. Rb1 Rc8 34. Rc4 g6 35. Qh3 Qa6 36. Rxc5 Rxc5 37. Bxc5 Nb6 38. Rd1 Nd5 39. Rb1 Nb6 40. Rd1 Nd5 41. Rb1 Nb6 42. Rd1 1/2-1/2

[Event "Belgrade Spring op"]
[Site "Belgrade"]
[Date "2010.03.24"]
[Round "2"]
[White "Vlahovic, Svetozar"]
[Black "Cosic, Nebojsa"]
[Result "1-0"]
[WhiteElo "2172"]
[BlackElo "1853"]
[PlyCount "75"]
[EventDate "2010.03.23"]
[EventType "swiss"]
[EventRounds "9"]
[EventCountry "YUG"]
[SourceTitle "CBM 135 Extra"]
[Source "ChessBase"]
[SourceDate "2010.05.04"]
[SourceVersion "1"]
[SourceVersionDate "2010.05.04"]
[SourceQuality "1"]

1. e4 c5 2. Nf3 e6 3. c3 Nc6 4. d4 d5 5. exd5 Qxd5 6. Be3 cxd4 7. cxd4 Nf6 8. Nc3 Bb4 9. Be2 Ne4 10. Qd3 0-0 11. 0-0 Nxc3 12. bxc3 Be7 13. a4 Rd8 14. Rab1 a6 15. Nd2 f5 16. Nc4 Ra7 17. Bf3 Qd7 18. d5 exd5 19. Bxa7 Nxa7 20. Nb6 Qd6 21. Qxd5+ Be6 22. Qxb7 Nc8 23. a5 Qc5 24. Qxa6 Rd2 25. Nxc8 Bxc8 26. Qb6 Rxf2 27. Qxc5 Bxc5 28. Kh1 Ba7 29. Rfd1 Kf7 30. Rd8 Be6 31. Ra8 Be3 32. a6 Rc2 33. a7 Kg6 34. Re8 Bxa7 35. Rxe6+ Kf7 36. Bd5 Kf8 37. g3 Bb8 38. Rbe1 1-0

[Event "Belgrade Summer op"]
[Site "Belgrade"]
[Date "2009.06.04"]
[Round "3"]
[White "Vlahovic, Svetozar"]
[Black "Nenezic, Zoran"]
[Result "1-0"]
[WhiteElo "2175"]
[BlackElo "1901"]
[PlyCount "83"]
[EventDate "2009.06.02"]
[EventType "swiss"]
[EventRounds "9"]
[EventCountry "SRB"]
[SourceTitle "EXT 2019"]
[Source "ChessBase"]
[SourceDate "2018.10.10"]
[SourceVersion "1"]
[SourceVersionDate "2018.10.10"]
[SourceQuality "1"]

1. e4 c6 2. d4 d5 3. e5 Bf5 4. c4 e6 5. Nc3 Bb4 6. cxd5 cxd5 7. Nge2 Ne7 8. Ng3 Nbc6 9. a3 Bxc3+ 10. bxc3 0-0 11. Be2 Na5 12. 0-0 Rc8 13. Bg5 Bg6 14. h4 h6 15. Bd2 Nf5 16. Nxf5 Bxf5 17. g3 Nc4 18. Bc1 Qa5 19. Qb3 Qc7 20. a4 Na5 21. Qb4 Qxc3 22. Bd2 Qxb4 23. Bxb4 Nc6 24. Bxf8 Nxd4 25. Bd1 Kxf8 26. a5 Ke7 27. f4 Bd3 28. Rf2 Bb5 29. g4 Nc6 30. Rb2 a6 31. Ba4 Na7 32. Rc2 Rc4 33. Rxc4 Bxc4 34. Kf2 Nb5 35. Bxb5 axb5 36. Ke3 b4 37. Ra4 Kd7 38. Rxb4 Kc7 39. Kd4 Be2 40. g5 h5 41. Rb2 Bc4 42. g6 1-0

[Event "Belgrade Summer op"]
[Site "Belgrade"]
[Date "2009.06.03"]
[Round "2"]
[White "Bogdanovic, Vesna"]
[Black "Vlahovic, Svetozar"]
[Result "1/2-1/2"]
[WhiteElo "1973"]
[BlackElo "2175"]
[PlyCount "103"]
[EventDate "2009.06.02"]
[EventType "swiss"]
[EventRounds "9"]
[EventCountry "SRB"]
[SourceTitle "EXT 2019"]
[Source "ChessBase"]
[SourceDate "2018.10.10"]
[SourceVersion "1"]
[SourceVersionDate "2018.10.10"]
[SourceQuality "1"]

1. e4 c5 2. Nc3 e6 3. g3 Nc6 4. Bg2 Nf6 5. Nge2 e5 6. d3 h6 7. 0-0 d6 8. h3 Be7 9. Be3 Nd4 10. f4 Bd7 11. f5 b5 12. a3 a5 13. Nb1 a4 14. Nd2 Nh7 15. c3 Nc6 16. d4 Bg5 17. Bf2 c4 18. Nf3 0-0 19. Nxg5 hxg5 20. g4 Na5 21. Rb1 Re8 22. dxe5 dxe5 23. Qc2 Bc6 24. Rfd1 Qe7 25. Be3 Rad8 26. Rxd8 Rxd8 27. Rd1 Nb3 28. Ng3 f6 29. Bf3 Nf8 30. Rxd8 Qxd8 31. Bd1 Nd7 32. Qe2 Ndc5 33. Bxb3 Nxb3 34. Kf2 Kf7 35. Kf3 Qd6 36. Kf2 Qd8 37. Kf3 Ke7 38. Kf2 Qa8 39. Kf3 Qh8 40. Kg2 Qd8 41. Kf3 Ke8 42. Kf2 Qd6 43. Ke1 Na5 44. Qd1 Nb7 45. Qe2 Qc7 46. Qc2 Qd7 47. Ke2 Kf7 48. Kf3 Ke8 49. Ke2 Nd6 50. Kf3 Nb7 51. Ke2 Na5 52. Qd1 1/2-1/2

[Event "Belgrade Summer op"]
[Site "Belgrade"]
[Date "2009.06.02"]
[Round "1"]
[White "Vlahovic, Svetozar"]
[Black "Dimic, Pavle"]
[Result "1/2-1/2"]
[WhiteElo "2175"]
[BlackElo "1892"]
[PlyCount "60"]
[EventDate "2009.06.02"]
[EventType "swiss"]
[EventRounds "9"]
[EventCountry "SRB"]
[SourceTitle "EXT 2019"]
[Source "ChessBase"]
[SourceDate "2018.10.10"]
[SourceVersion "1"]
[SourceVersionDate "2018.10.10"]
[SourceQuality "1"]

1. e4 c5 2. c3 Nf6 3. e5 Nd5 4. d4 cxd4 5. Nf3 e6 6. cxd4 Nc6 7. Nc3 Nxc3 8. bxc3 d6 9. exd6 Bxd6 10. Bd3 Qc7 11. 0-0 Ne7 12. c4 Ng6 13. g3 b6 14. Ng5 Be7 15. Qf3 0-0 16. h4 Bb7 17. Qh5 Bxg5 18. Qxg5 Qc6 19. f3 Qd6 20. Be3 h6 21. Qg4 f5 22. Qh3 e5 23. d5 Qa3 24. Rad1 e4 25. fxe4 Ne5 26. Bc1 Qc5+ 27. Kh2 Nxd3 28. Rxd3 Qxc4 29. Rdf3 Qxe4 30. Ba3 Rf7 1/2-1/2

[Event "Belgrade tt Cup"]
[Site "Belgrade"]
[Date "2009.04.12"]
[Round "5"]
[White "Vlahovic, Svetozar"]
[Black "Dimitrijevic, Radmilo"]
[Result "1/2-1/2"]
[WhiteElo "2193"]
[BlackElo "2162"]
[PlyCount "37"]
[EventDate "2009.04.08"]
[EventType "team-tourn"]
[EventRounds "5"]
[EventCountry "YUG"]
[SourceTitle "CBM 129 Extra"]
[Source "ChessBase"]
[SourceDate "2009.05.05"]
[SourceVersion "2"]
[SourceVersionDate "2009.05.20"]
[SourceQuality "1"]

1. e4 c5 2. c3 d5 3. e5 Nc6 4. d4 cxd4 5. cxd4 g6 6. Nc3 Nh6 7. Nge2 Bg7 8. g3 0-0 9. Bg2 e6 10. 0-0 b6 11. Be3 Nf5 12. Qd2 Nxe3 13. fxe3 Ba6 14. Rf2 Rc8 15. Nf4 Na5 16. b3 Qe7 17. Bf1 Bxf1 18. Raxf1 Rc6 19. e4 1/2-1/2